[Event "SR 3. liga A2 2016/2017"]
[Site "?"]
[Date "2016.11.13"]
[Round "3.3"]
[White "Kovarik, Oto"]
[Black "Ambros, Rafael"]
[Result "0-1"]
[WhiteElo "1793"]
[BlackElo "1985"]
[PlyCount "98"]
[EventDate "2016.??.??"]

1. e4 c5 2. Nf3 Nc6 3. d4 cxd4 4. Nxd4 g6 5. Be3 Bg7 6. Be2 Nf6 7. Nc3 O-O 8.
O-O d5 9. exd5 Nxd5 10. Nxd5 Qxd5 11. Bf3 Qd7 12. Nxc6 bxc6 13. Qxd7 Bxd7 14.
Rad1 Bf5 15. c3 Rfc8 16. Bc5 e5 17. Rfe1 Be6 18. b3 a5 19. Rd2 a4 20. b4 a3 21.
b5 e4 22. Rxe4 Bd5 23. bxc6 Bxc6 24. Rc4 Bb5 25. Rb4 Bc6 26. Bxc6 Rxc6 27. Rb5
Bxc3 28. Rc2 Bd4 29. Rc4 Rac8 30. Rxd4 Rxc5 31. Rb1 Rc2 32. Rd3 Rxa2 33. g3 Rb2
34. Ra1 a2 35. Kg2 Rcc2 36. Rf1 Rxf2+ 37. Rxf2 Rxf2+ 38. Kxf2 a1=Q 39. Rf3 Qb2+
40. Kg1 Qe2 41. Rf2 Qe3 42. Kg2 Kg7 43. Rf3 Qe4 44. h4 f5 45. Kf2 Kh6 46. Re3
Qd4 47. Kf3 Kh5 48. Re1 Qd3+ 49. Re3 Qf1# 0-1

[Event "SR 3. liga A2 2016/2017"]
[Site "?"]
[Date "2016.11.13"]
[Round "3.3"]
[White "Vach, Jozef"]
[Black "Kubis, Ivan"]
[Result "0-1"]
[WhiteElo "1702"]
[BlackElo "1945"]
[PlyCount "86"]
[EventDate "2016.??.??"]

1. d4 Nf6 2. Nf3 e6 3. g3 d5 4. Bg2 c5 5. e3 Nc6 6. O-O Be7 7. b3 O-O 8. Bb2 c4
9. Nbd2 b5 10. bxc4 bxc4 11. Re1 Rb8 12. Qc1 Qa5 13. c3 Ba6 14. Qc2 Rb7 15. a4
Rfb8 16. Reb1 g6 17. h3 Qc7 18. Ba3 Bxa3 19. Rxb7 Qxb7 20. Rxa3 Na5 21. Ra2 Qb6
22. Kh2 Bc8 23. Ne5 Nd7 24. Nef3 Nf6 25. Ne5 Kg7 26. g4 Nd7 27. Nef3 Bb7 28.
Ne1 Bc6 29. e4 Nb3 30. exd5 exd5 31. Ra3 Nxd2 32. Qxd2 Qc7+ 33. Kg1 Rb1 34. Bf1
Nf6 35. Nc2 Ne4 36. Qe2 Qf4 37. Qe3 Qxe3 38. Nxe3 Nd2 39. a5 Nxf1 40. Nxf1 Rb3
41. Rxb3 cxb3 42. Nd2 b2 43. Nb1 Bb5 0-1

[Event "SR 3. liga A2 2016/2017"]
[Site "?"]
[Date "2016.11.13"]
[Round "3.3"]
[White "Zajicek, Ferdinand"]
[Black "Stehlik, Jan"]
[Result "1-0"]
[WhiteElo "1760"]
[BlackElo "1626"]
[PlyCount "77"]
[EventDate "2016.??.??"]

1. e4 e5 2. Nf3 Nc6 3. Nc3 Nf6 4. Bc4 Bc5 5. h3 d6 6. a3 a6 7. d3 h6 8. Be3
Bxe3 9. fxe3 Ne7 10. O-O Ng6 11. Qe1 c6 12. Qg3 Kf8 13. Nh4 Nxh4 14. Qxh4 Qe7
15. Rf3 Be6 16. Bxe6 Qxe6 17. Raf1 Ke7 18. d4 Rag8 19. d5 Qc8 20. Rxf6 gxf6 21.
Qxf6+ Kd7 22. Qxf7+ Kd8 23. Qf6+ Kc7 24. Qe7+ Qd7 25. Qxd7+ Kxd7 26. Rf7+ Kc8
27. dxc6 bxc6 28. Ra7 Rg3 29. Ra8+ Kb7 30. Rxh8 Rxe3 31. Kf2 Rxc3 32. bxc3 Kb6
33. Rxh6 Kc5 34. Ke3 d5 35. g4 a5 36. g5 a4 37. Kd3 dxe4+ 38. Kxe4 Kc4 39.
Rxc6+ 1-0

[Event "SR 3. liga A2 2016/2017"]
[Site "?"]
[Date "2016.11.13"]
[Round "3.4"]
[White "Liptak, Dusan"]
[Black "Puskar, Peter"]
[Result "1/2-1/2"]
[WhiteElo "2130"]
[BlackElo "2187"]
[PlyCount "38"]
[EventDate "2016.??.??"]

1. d4 Nf6 2. c4 e6 3. Nf3 b6 4. a3 d5 5. cxd5 exd5 6. Nc3 Be7 7. g3 O-O 8. Bg2
Bb7 9. O-O h6 10. Bf4 Na6 11. b4 c6 12. b5 Nc7 13. bxc6 Bxc6 14. Ne5 Bb7 15.
Qa4 Ne6 16. Rfe1 a6 17. Bh3 b5 18. Qd1 Qb6 19. Be3 Rfd8 1/2-1/2

[Event "SR 3. liga A2 2016/2017"]
[Site "?"]
[Date "2016.11.13"]
[Round "3.4"]
[White "Kolenak, Matus"]
[Black "Kovacocy, Pavel"]
[Result "0-1"]
[WhiteElo "1988"]
[BlackElo "2225"]
[PlyCount "90"]
[EventDate "2016.??.??"]

1. e4 c5 2. Nf3 g6 3. c4 Bg7 4. d4 cxd4 5. Nxd4 Nc6 6. Be3 Nf6 7. Nc3 O-O 8.
Be2 d6 9. O-O Nxd4 10. Bxd4 Bd7 11. Rc1 Bc6 12. f3 a5 13. Qd2 Nd7 14. Be3 Nc5
15. Rfd1 Qb6 16. g4 a4 17. g5 Qa5 18. h4 Rfd8 19. h5 gxh5 20. Qe1 Ne6 21. Qh4
a3 22. b4 Qxb4 23. Nd5 Bxd5 24. exd5 Qb2 25. Bf1 Nf8 26. Qf2 Qxf2+ 27. Kxf2 Nd7
28. f4 f6 29. Bh3 fxg5 30. Be6+ Kh8 31. fxg5 Ne5 32. Ke2 Ra4 33. c5 dxc5 34.
Bxc5 Re4+ 35. Kf2 Rf8+ 36. Kg2 Re2+ 37. Kh1 Nf3 38. Bg1 Be5 39. Rf1 Kg7 40. Rf2
Rxf2 41. Bxf2 Nxg5 42. Bc5 Nxe6 43. dxe6 Rc8 44. Bxa3 Rxc1+ 45. Bxc1 Kf6 0-1

[Event "SR 3. liga A2 2016/2017"]
[Site "?"]
[Date "2016.11.13"]
[Round "3.4"]
[White "Cechovic, Stefan"]
[Black "Sturdik, Igor"]
[Result "1-0"]
[WhiteElo "2131"]
[BlackElo "1988"]
[PlyCount "59"]
[EventDate "2016.??.??"]

1. Nf3 Nf6 2. c4 c5 3. Nc3 Nc6 4. d4 cxd4 5. Nxd4 e6 6. Nxc6 bxc6 7. Qa4 Qb6 8.
e3 Be7 9. Be2 O-O 10. O-O d5 11. Rd1 Bd7 12. Qc2 Rac8 13. b3 Rfd8 14. Bb2 Qc7
15. Rac1 Bd6 16. h3 e5 17. cxd5 cxd5 18. Ba6 d4 19. exd4 exd4 20. Rxd4 Qb6 21.
Bxc8 Qxd4 22. Bxd7 Qe5 23. Bc6 Qh2+ 24. Kf1 Rc8 25. Bf3 Bf4 26. g3 Bxc1 27.
Qxc1 Qxh3+ 28. Kg1 h5 29. Qg5 Rd8 30. Ne4 1-0

[Event "SR 3. liga A2 2016/2017"]
[Site "?"]
[Date "2016.11.13"]
[Round "3.4"]
[White "Mosny, Jaroslav"]
[Black "Sarmir, Milos"]
[Result "0-1"]
[WhiteElo "1962"]
[BlackElo "2014"]
[PlyCount "36"]
[EventDate "2016.??.??"]

1. d4 d5 2. Nf3 Nf6 3. c4 c6 4. Nc3 e6 5. e3 Bd6 6. Bd3 dxc4 7. Bxc4 O-O 8. O-O
Nbd7 9. e4 e5 10. d5 Nb6 11. Bb3 cxd5 12. Bxd5 Nbxd5 13. exd5 e4 14. Ng5 Ng4
15. Ncxe4 Bxh2+ 16. Kh1 Be5 17. Be3 f5 18. Nc5 f4 0-1

[Event "SR 3. liga A2 2016/2017"]
[Site "?"]
[Date "2016.11.13"]
[Round "3.4"]
[White "Vagovsky, Jozef"]
[Black "Doucha, Ludvig"]
[Result "1/2-1/2"]
[WhiteElo "1868"]
[BlackElo "1928"]
[PlyCount "52"]
[EventDate "2016.??.??"]

1. d4 Nf6 2. Nf3 e6 3. Bf4 c5 4. e3 Nc6 5. c3 Be7 6. h3 b6 7. Bd3 d5 8. Nbd2
Bb7 9. O-O O-O 10. Re1 Rc8 11. Qe2 Nh5 12. Bh2 c4 13. Bc2 f5 14. Ne5 Nf6 15.
Ndf3 Nd7 16. Nxd7 Qxd7 17. Ba4 Qd8 18. Bf4 h6 19. Bxc6 Bxc6 20. Ne5 Be8 21. Bg3
g5 22. f3 Bh5 23. Qd2 a5 24. a3 Bd6 25. e4 Bxe5 26. Bxe5 fxe4 1/2-1/2

[Event "SR 3. liga A2 2016/2017"]
[Site "?"]
[Date "2016.11.13"]
[Round "3.4"]
[White "Bukovsky, Milan"]
[Black "Markuliak, Mario"]
[Result "0-1"]
[WhiteElo "1941"]
[BlackElo "1864"]
[PlyCount "98"]
[EventDate "2016.??.??"]

1. d4 d6 2. c4 e5 3. Nf3 Nd7 4. Nc3 Be7 5. e3 Ngf6 6. Bd3 c6 7. dxe5 dxe5 8.
O-O O-O 9. Qc2 Qc7 10. b3 Nc5 11. Bf5 a5 12. Ng5 h6 13. Bxc8 Raxc8 14. Nge4
Rfd8 15. Nxc5 Bxc5 16. Bb2 Rd7 17. Rad1 Rcd8 18. Rxd7 Rxd7 19. Rd1 e4 20. Rxd7
Qxd7 21. Qd1 Qxd1+ 22. Nxd1 Nd7 23. Nc3 f5 24. Na4 Bd6 25. Bd4 Bc7 26. h3 Kf7
27. Kf1 g6 28. Ke2 Ke6 29. Kd2 Bd6 30. Kc2 g5 31. Kb2 f4 32. exf4 gxf4 33. Kc2
Be5 34. Bxe5 Kxe5 35. Kd2 Kd4 36. g4 Ne5 37. Nb2 Nf3+ 38. Kd1 b5 39. cxb5 cxb5
40. Kc1 Kc3 41. Nd1+ Kd3 42. Nb2+ Ke2 43. Nd1 b4 44. Kc2 Ne1+ 45. Kc1 Nd3+ 46.
Kc2 Nxf2 47. Nc3+ bxc3 48. a4 Nd3 49. h4 f3 0-1

[Event "SR 3. liga A2 2016/2017"]
[Site "?"]
[Date "2016.11.13"]
[Round "3.4"]
[White "Kavuljak, Alojz"]
[Black "Bahna, Jan"]
[Result "0-1"]
[WhiteElo "1691"]
[BlackElo "1877"]
[PlyCount "110"]
[EventDate "2016.??.??"]

1. e4 e5 2. Nf3 Nc6 3. d4 exd4 4. Nxd4 d6 5. Nxc6 bxc6 6. Bd3 Nf6 7. h3 Be7 8.
O-O O-O 9. Be3 d5 10. e5 Nd7 11. f4 Nc5 12. Nd2 Nxd3 13. cxd3 f5 14. Nf3 c5 15.
d4 c4 16. b3 Ba6 17. bxc4 Bxc4 18. Rf2 Qd7 19. Rc2 Rfc8 20. Nd2 Bb5 21. Nb3 a5
22. Nc5 Bxc5 23. Rxc5 a4 24. Rac1 c6 25. a3 Re8 26. g4 fxg4 27. Qxg4 Qxg4+ 28.
hxg4 Rac8 29. Kg2 g6 30. f5 Kf7 31. e6+ Kf6 32. fxg6 hxg6 33. Re1 Rxe6 34. Bg5+
Kf7 35. Rec1 Re2+ 36. Kg3 Rb2 37. Rxd5 Rb3+ 38. Kf4 Re8 39. Rd7+ Ke6 40. Rg7
Rf8+ 41. Bf6 Rxf6+ 42. Kg5 Rf1 43. Rc5 Re1 44. Rxg6+ Kd7 45. Rg7+ Re7 46. Kg6
Rxa3 47. Rxe7+ Kxe7 48. Re5+ Kd7 49. g5 Rg3 50. Kf6 Bd3 51. Ra5 Bc2 52. Rc5 Rg2
53. Ra5 Kc7 54. Ke6 Kb6 55. Ra8 Rxg5 0-1

[Event "SR 3. liga A2 2016/2017"]
[Site "?"]
[Date "2016.11.13"]
[Round "3.4"]
[White "Krist, Milan"]
[Black "Stefik, Miroslav"]
[Result "1/2-1/2"]
[WhiteElo "1872"]
[BlackElo "1610"]
[PlyCount "113"]
[EventDate "2016.??.??"]

1. d4 Nf6 2. c4 d6 3. Nc3 e6 4. Nf3 b6 5. e4 Bb7 6. Bd3 Be7 7. O-O O-O 8. Bg5
Ne8 9. Bxe7 Qxe7 10. Rc1 Nd7 11. Re1 h6 12. Bb1 Nef6 13. e5 Nh7 14. Qd3 g6 15.
b4 Ng5 16. Nxg5 Qxg5 17. Qg3 Kg7 18. Qxg5 hxg5 19. exd6 cxd6 20. Nb5 d5 21. Nd6
Rab8 22. a4 dxc4 23. Rxc4 Bd5 24. Rc7 Nf6 25. f3 a6 26. Bd3 a5 27. Rb1 Ne8 28.
Nxe8+ Rfxe8 29. bxa5 bxa5 30. Bb5 Red8 31. Kf2 Rdc8 32. Rbc1 Rh8 33. h3 Kf6 34.
Ra7 Ra8 35. Rcc7 Rxa7 36. Rxa7 Ra8 37. Rc7 Rf8 38. Ke3 e5 39. Rc5 exd4+ 40.
Kxd4 Be6 41. Bd3 Rd8+ 42. Kc3 Rd5 43. Rc7 Ke5 44. Be4 Rd1 45. Rc5+ Kf4 46. Rxa5
f5 47. Bb7 Bd7 48. Rc5 Rc1+ 49. Kd4 Rxc5 50. Kxc5 Bxa4 51. Kd6 Bb5 52. Ke6 Bf1
53. g4 Bxh3 54. gxf5 gxf5 55. Kf6 Bg2 56. Bc8 Bh3 57. Bb7 1/2-1/2

[Event "SR 3. liga A2 2016/2017"]
[Site "?"]
[Date "2016.11.13"]
[Round "3.5"]
[White "Skreno, Vladimir"]
[Black "Lanc, Alois"]
[Result "0-1"]
[WhiteElo "2209"]
[BlackElo "2321"]
[PlyCount "54"]
[EventDate "2016.??.??"]

1. d4 Nf6 2. Nf3 g6 3. c4 Bg7 4. Nc3 O-O 5. e4 d6 6. Be2 e5 7. O-O Nc6 8. d5
Ne7 9. Ne1 Nd7 10. f3 f5 11. g4 Kh8 12. Be3 Nf6 13. Nd3 c6 14. Kg2 b6 15. Nf2
Bb7 16. h3 Rc8 17. Rc1 a6 18. Qd3 b5 19. b3 b4 20. dxc6 Nxc6 21. Nd5 Nd7 22.
exf5 gxf5 23. gxf5 Nd4 24. Bxd4 exd4 25. Nxb4 Re8 26. Nd5 Bxd5 27. cxd5 Rxc1
0-1

[Event "SR 3. liga A2 2016/2017"]
[Site "?"]
[Date "2016.11.13"]
[Round "3.5"]
[White "Bango, Lukas"]
[Black "Bisco, Igor"]
[Result "1/2-1/2"]
[WhiteElo "2113"]
[BlackElo "2108"]
[PlyCount "40"]
[EventDate "2016.??.??"]

1. e4 e5 2. Nf3 Nc6 3. Bc4 Bc5 4. b4 Bxb4 5. c3 Be7 6. d4 Na5 7. Nxe5 Nxc4 8.
Nxc4 d5 9. exd5 Qxd5 10. Ne3 Qd8 11. O-O Nf6 12. c4 O-O 13. Nc3 c5 14. d5 Ne8
15. Rb1 Nd6 16. Nb5 b6 17. Nxd6 Bxd6 18. Qh5 Qf6 19. Bb2 Qg6 20. Qf3 Bd7
1/2-1/2

[Event "SR 3. liga A2 2016/2017"]
[Site "?"]
[Date "2016.11.13"]
[Round "3.5"]
[White "Malar, Pavol"]
[Black "Kozinka, Roman"]
[Result "0-1"]
[WhiteElo "2111"]
[BlackElo "1992"]
[PlyCount "112"]
[EventDate "2016.??.??"]

1. e4 c5 2. Nc3 d6 3. f4 Nc6 4. Nf3 g6 5. Bc4 Bg7 6. O-O e6 7. d3 Nge7 8. Bd2
a6 9. a4 O-O 10. Qe1 Nd4 11. Nxd4 cxd4 12. Nd1 b6 13. Qh4 Bb7 14. f5 gxf5 15.
Bg5 f6 16. Bxe6+ Kh8 17. Bd2 fxe4 18. dxe4 Ng6 19. Qg4 Ne5 20. Qf5 Qe7 21. c3
Rae8 22. Bd5 Bc8 23. Qf2 Ng4 24. Qh4 f5 25. Bg5 Bf6 26. Bxf6+ Qxf6 27. Qxf6+
Nxf6 28. Bc6 Re7 29. exf5 d3 30. h3 h5 31. Rf4 Re1+ 32. Kf2 Re2+ 33. Kf3 Nh7
34. g4 h4 35. Nf2 Ng5+ 36. Kg2 Rxb2 37. Rd1 Ne6 38. Rb4 Rc2 39. Rxd3 a5 40. Rc4
Ba6 41. Bb5 d5 42. Bxa6 dxc4 43. Rf3 Ng5 44. Rf4 Rxc3 45. Bxc4 Rc8 46. Bd3 Rd8
47. f6 Ne6 48. Rf3 Rdxd3 49. Nxd3 Rxd3 50. Rxd3 Nf4+ 51. Kf3 Nxd3 52. g5 Nc5
53. Kf4 Nxa4 54. Kf5 Kg8 55. Ke5 Nc5 56. g6 Nd7+ 0-1

[Event "SR 3. liga A2 2016/2017"]
[Site "?"]
[Date "2016.11.13"]
[Round "3.5"]
[White "Capanda, Jan"]
[Black "Slamena, Michal"]
[Result "1-0"]
[WhiteElo "1847"]
[BlackElo "1980"]
[PlyCount "79"]
[EventDate "2016.??.??"]

1. e4 c5 2. c4 Nc6 3. b3 d6 4. Bb2 f5 5. d3 e5 6. Nc3 Nf6 7. Nf3 Be7 8. Nh4
Nxe4 9. Qh5+ g6 10. Nxg6 Nf6 11. Qh4 Rg8 12. Nxe7 Qxe7 13. O-O-O Be6 14. h3
O-O-O 15. f4 Qg7 16. Kb1 Qg6 17. Nb5 Nh5 18. fxe5 dxe5 19. Qf2 Ng3 20. Rg1 b6
21. Qf3 e4 22. Qf4 Rd7 23. Nd6+ Kd8 24. dxe4 Nxe4 25. Be2 Nd4 26. Bxd4 cxd4 27.
Nxe4 fxe4 28. g4 Ke7 29. Rge1 Rf8 30. Qe5 e3+ 31. Bd3 Qf6 32. Qe4 h6 33. Rf1
Qg7 34. Rf5 Re8 35. Re5 Qg8 36. Rf1 Rc8 37. Qf4 Qg7 38. Bf5 Rc6 39. Qe4 Qg8 40.
Qxc6 1-0

[Event "SR 3. liga A2 2016/2017"]
[Site "?"]
[Date "2016.11.13"]
[Round "3.5"]
[White "Gajarsky, Roman"]
[Black "Lopatievov, Alexander"]
[Result "0-1"]
[WhiteElo "1740"]
[BlackElo "1842"]
[PlyCount "68"]
[EventDate "2016.??.??"]

1. e4 c6 2. d4 d5 3. e5 Bf5 4. g4 Be4 5. f3 Bg6 6. h4 h5 7. Bd3 Bxd3 8. Qxd3
hxg4 9. fxg4 e6 10. Qg3 c5 11. c3 cxd4 12. cxd4 Nc6 13. Ne2 Qb6 14. Qd3 Be7 15.
h5 Nh6 16. Bxh6 gxh6 17. Nbc3 a6 18. O-O-O Bg5+ 19. Kb1 Na5 20. Na4 Qb4 21. b3
Nc4 22. Ka1 Ne3 23. Rc1 Nxg4 24. Rc7 O-O 25. Rf1 Nf2 26. Qf3 Ne4 27. Qg4 Nf2
28. Qg2 Ne4 29. Nc5 Nd2 30. Rxb7 Qa3 31. Rf6 Kh8 32. Nxe6 fxe6 33. Rxh6+ Bxh6
34. Qg6 Rf1+ 0-1

[Event "SR 3. liga A2 2016/2017"]
[Site "?"]
[Date "2016.11.13"]
[Round "3.5"]
[White "Bango, Dominik"]
[Black "Barca, Michal"]
[Result "1/2-1/2"]
[WhiteElo "1769"]
[BlackElo "1788"]
[PlyCount "104"]
[EventDate "2016.??.??"]

1. e4 d5 2. exd5 Qxd5 3. Nc3 Qd6 4. d4 Nf6 5. Nf3 Bg4 6. Be2 g6 7. h3 Bxf3 8.
Bxf3 Nc6 9. Be3 Bg7 10. O-O a6 11. Re1 O-O 12. d5 Ne5 13. Bf4 Nxf3+ 14. Qxf3
Qd7 15. Rad1 Rac8 16. Rd3 Rfe8 17. Nd1 c6 18. dxc6 Qxc6 19. Qxc6 Rxc6 20. c3
Nh5 21. Bh2 e6 22. Ne3 Nf6 23. Red1 Bh6 24. Be5 Bxe3 25. Bxf6 Bc5 26. Rd8 Rc8
27. Rxe8+ Rxe8 28. b4 Be7 29. Bxe7 Rxe7 30. c4 Kf8 31. Kf1 Ke8 32. Ke2 Rd7 33.
Rxd7 Kxd7 34. Ke3 Kd6 35. f4 e5 36. fxe5+ Kxe5 37. a4 f5 38. g3 g5 39. h4 gxh4
40. gxh4 f4+ 41. Kf3 Kd4 42. Kxf4 Kxc4 43. Kg5 b5 44. axb5 axb5 45. Kh6 Kxb4
46. Kxh7 Kc4 47. Kg8 b4 48. h5 b3 49. h6 b2 50. h7 b1=Q 51. h8=Q Qb8+ 52. Kg7
Qxh8+ 1/2-1/2

[Event "SR 3. liga A2 2016/2017"]
[Site "?"]
[Date "2016.11.13"]
[Round "3.5"]
[White "Janas, Peter"]
[Black "Vagovic, Milan"]
[Result "1-0"]
[WhiteElo "1669"]
[BlackElo "1667"]
[PlyCount "103"]
[EventDate "2016.??.??"]

1. Nf3 Nf6 2. c4 c5 3. Nc3 Nc6 4. g3 e6 5. Bg2 d5 6. cxd5 exd5 7. d4 Be6 8. O-O
Be7 9. dxc5 Bxc5 10. Bg5 Be7 11. Nd4 O-O 12. Nb3 h6 13. Bxf6 Bxf6 14. Nxd5 Bxb2
15. Rb1 Ba3 16. e4 Bxd5 17. exd5 Ne7 18. Nd4 Rb8 19. Nb5 Bc5 20. Qd3 Qd7 21.
Rfd1 Rfd8 22. Nc3 Bd6 23. Rd2 Ng6 24. Rbd1 Bb4 25. Rb2 Bc5 26. Qb5 Qxb5 27.
Nxb5 a6 28. Nd4 Ne7 29. Nb3 Ba3 30. Rc2 Bd6 31. Na5 h5 32. h4 g6 33. Rb1 b6 34.
Nc6 Nxc6 35. dxc6 Rdc8 36. a4 a5 37. Rd2 Bc5 38. Rd7 Re8 39. Rbd1 Kf8 40. Bh3
f5 41. Bg2 Re2 42. Rd8+ Rxd8 43. Rxd8+ Ke7 44. c7 Rxf2 45. Kh1 Rc2 46. c8=Q
Rc1+ 47. Kh2 Bg1+ 48. Kh3 Rxc8 49. Rxc8 Bc5 50. Rc7+ Kf6 51. Bf1 g5 52. Rc6+
1-0

[Event "SR 3. liga A2 2016/2017"]
[Site "?"]
[Date "2016.11.13"]
[Round "3.5"]
[White "Rau, Vladimir"]
[Black "Tupy, Bystrik"]
[Result "1-0"]
[WhiteElo "1640"]
[BlackElo "1701"]
[PlyCount "55"]
[EventDate "2016.??.??"]

1. d4 d5 2. c4 e6 3. Nc3 Bb4 4. Bd2 Nf6 5. e3 O-O 6. Nf3 Re8 7. Be2 Nc6 8. O-O
b6 9. a3 Bxc3 10. Bxc3 Ne7 11. cxd5 Nexd5 12. Qc2 Bb7 13. Rac1 Rc8 14. Ne5 Nxc3
15. Qxc3 Ne4 16. Qc2 a5 17. Bf3 f5 18. Rfd1 Bd5 19. Qd3 c5 20. Qb5 Nd6 21. Qe2
Nf7 22. Nxf7 Kxf7 23. dxc5 Rxc5 24. Rxc5 bxc5 25. Qb5 Qc7 26. Bxd5 exd5 27.
Rxd5 Kg8 28. Qxe8# 1-0

[Event "SR 3. liga A2 2016/2017"]
[Site "?"]
[Date "2016.11.13"]
[Round "3.6"]
[White "Varga, David"]
[Black "Sebesta, Radovan"]
[Result "1-0"]
[WhiteElo "2288"]
[BlackElo "2014"]
[PlyCount "79"]
[EventDate "2016.??.??"]

1. e4 c5 2. Nf3 Nc6 3. d4 cxd4 4. Nxd4 g6 5. c4 Nf6 6. Nc3 d6 7. Be2 Bg7 8. Be3
O-O 9. O-O Nxd4 10. Bxd4 Bd7 11. Rc1 Bc6 12. f3 a5 13. Qe1 Nd7 14. Be3 a4 15.
Rc2 Nc5 16. Qd2 Qa5 17. Rb1 Rfc8 18. b4 axb3 19. axb3 Ne6 20. b4 Qd8 21. Nd5
Ra3 22. Bf2 Rca8 23. Nb6 Ra1 24. Rf1 Rxf1+ 25. Bxf1 Ra1 26. Ra2 Rxa2 27. Qxa2
Bd4 28. Bxd4 Nxd4 29. Qa7 e5 30. b5 Qg5 31. Qa3 Be8 32. Nc8 Bd7 33. Nxd6 b6 34.
c5 bxc5 35. b6 Bc6 36. b7 Bxb7 37. Nxb7 Qd2 38. Nxc5 Ne2+ 39. Bxe2 Qxe2 40. Qc1
1-0

[Event "SR 3. liga A2 2016/2017"]
[Site "?"]
[Date "2016.11.13"]
[Round "3.6"]
[White "Palka, Miroslav"]
[Black "Takacs, Laszlo"]
[Result "1/2-1/2"]
[WhiteElo "1930"]
[BlackElo "2190"]
[PlyCount "39"]
[EventDate "2016.??.??"]

1. c4 e5 2. Nc3 Nf6 3. g3 d5 4. cxd5 Nxd5 5. Bg2 Nb6 6. Nf3 Nc6 7. O-O Be6 8.
d3 f6 9. Be3 Be7 10. d4 O-O 11. dxe5 fxe5 12. Qxd8 Raxd8 13. Ng5 Bxg5 14. Bxg5
Rd7 15. Bxc6 bxc6 16. b3 Rdf7 17. Be3 Nd5 18. Nxd5 cxd5 19. Bxa7 Ra8 20. Bc5
1/2-1/2

[Event "SR 3. liga A2 2016/2017"]
[Site "?"]
[Date "2016.11.13"]
[Round "3.6"]
[White "Cibulka, Vladimir"]
[Black "Palka, Martin"]
[Result "1-0"]
[WhiteElo "2164"]
[BlackElo "1881"]
[PlyCount "93"]
[EventDate "2016.??.??"]

1. d4 Nf6 2. Nf3 e6 3. Bg5 d5 4. Nbd2 Be7 5. e3 Nbd7 6. Bd3 O-O 7. O-O b6 8. c3
Bb7 9. Ne5 Ne4 10. Bxe7 Qxe7 11. Nxd7 Qxd7 12. f3 Nd6 13. Qe2 c5 14. Rad1 f5
15. f4 Qe7 16. Nf3 Nf7 17. Rd2 g5 18. h3 Kh8 19. fxg5 Nxg5 20. Ne5 Nf7 21.
Nxf7+ Rxf7 22. Qf3 Qc7 23. Qf4 Rg8 24. Qxc7 Rxc7 25. Kh2 c4 26. Bc2 Bc6 27. Bd1
Re7 28. g4 fxg4 29. Bxg4 Be8 30. Rf6 Rg6 31. Rdf2 Rxf6 32. Rxf6 Bf7 33. Kg3 Kg7
34. Rf2 Bg6 35. h4 Bb1 36. a3 Be4 37. Rf4 Bd3 38. Bf3 Rf7 39. Rxf7+ Kxf7 40.
Kf4 Kf6 41. e4 dxe4 42. Bxe4 a6 43. Bxd3 cxd3 44. Ke3 d2 45. Kxd2 Kf5 46. Ke3
Kg4 47. c4 1-0

[Event "SR 3. liga A2 2016/2017"]
[Site "?"]
[Date "2016.11.13"]
[Round "3.6"]
[White "Lanik, Miroslav"]
[Black "Merva, Frantisek"]
[Result "0-1"]
[WhiteElo "1882"]
[BlackElo "2102"]
[PlyCount "96"]
[EventDate "2016.??.??"]

1. e4 c6 2. d4 d5 3. e5 Bf5 4. Ne2 e6 5. Ng3 Bg6 6. h4 h6 7. h5 Bh7 8. Bd3 Bxd3
9. cxd3 c5 10. dxc5 Bxc5 11. d4 Be7 12. O-O Nc6 13. Be3 Qb6 14. Nd2 Kf8 15. Nb3
Rd8 16. Rc1 a5 17. Qe2 a4 18. Nc5 Bxc5 19. Rxc5 Nge7 20. f4 g6 21. Qb5 Qxb5 22.
Rxb5 Rd7 23. Rd1 Kg7 24. Kf2 Ra8 25. Rc5 Ra6 26. Rd2 Rb6 27. Rc3 Rd8 28. hxg6
fxg6 29. b3 Ra8 30. Ne2 axb3 31. Rxb3 Rxb3 32. axb3 Ra3 33. Rd3 Ra2 34. Kf3 h5
35. Nc3 Rc2 36. Na4 Nf5 37. Bf2 b5 38. Nc5 Ncxd4+ 39. Bxd4 Nxd4+ 40. Rxd4 Rxc5
41. Ke3 Rc3+ 42. Rd3 b4 43. Kd4 Rxd3+ 44. Kxd3 g5 45. fxg5 Kg6 46. Kd4 Kxg5 47.
Kc5 Kf4 48. Kxb4 Ke3 0-1

[Event "SR 3. liga A2 2016/2017"]
[Site "?"]
[Date "2016.11.13"]
[Round "3.6"]
[White "Blaho, Stefan"]
[Black "Skapikova, Lubica"]
[Result "1-0"]
[WhiteElo "2017"]
[BlackElo "1896"]
[PlyCount "83"]
[EventDate "2016.??.??"]

1. d4 f5 2. Bg5 Nf6 3. Bxf6 exf6 4. e3 d5 5. c4 Bb4+ 6. Nc3 c6 7. Qb3 Bxc3+ 8.
bxc3 O-O 9. Bd3 Kh8 10. Ne2 b6 11. cxd5 Qxd5 12. Qxd5 cxd5 13. Nf4 Rd8 14. Rc1
Nc6 15. c4 Nb4 16. Bb1 dxc4 17. Rxc4 Nd5 18. Nxd5 Rxd5 19. Kd2 Be6 20. Rc6 Re8
21. Rhc1 g6 22. R1c3 Rb5 23. Kc1 Ra5 24. a3 Kg7 25. f3 Bd5 26. Rd6 Re7 27. Kd2
Kf7 28. Rxd5 Rxd5 29. Ba2 Ree5 30. e4 fxe4 31. fxe4 Ke7 32. Bxd5 Rg5 33. g3 Rh5
34. h4 f5 35. e5 f4 36. gxf4 Rxh4 37. Ke3 Rh3+ 38. Bf3 h6 39. Rc7+ Kf8 40. e6
g5 41. e7+ Ke8 42. Kf2 1-0

[Event "SR 3. liga A2 2016/2017"]
[Site "?"]
[Date "2016.11.13"]
[Round "3.6"]
[White "Lauko, Tomas"]
[Black "Bugar, Peter"]
[Result "0-1"]
[WhiteElo "1666"]
[BlackElo "1890"]
[PlyCount "96"]
[EventDate "2016.??.??"]

1. e4 e6 2. c4 c5 3. Nc3 Nc6 4. g3 g6 5. Nf3 Bg7 6. Qc2 a6 7. d3 Nge7 8. Bg2
O-O 9. O-O Nd4 10. Qd1 Nec6 11. Rb1 d6 12. a3 Rb8 13. Nxd4 Nxd4 14. Ne2 Bd7 15.
Nxd4 cxd4 16. b4 b5 17. Qe2 Rc8 18. Bd2 Qb6 19. c5 dxc5 20. bxc5 Qa7 21. Ba5 e5
22. f4 Rc6 23. fxe5 Bxe5 24. Qd2 Bc7 25. Bxc7 Qxc7 26. Rb4 Qe5 27. Qf2 Qxc5 28.
Qxd4 Qxd4+ 29. Rxd4 Be6 30. a4 bxa4 31. Rxa4 Rd8 32. d4 Bc4 33. Rd1 Bb3 34.
Rda1 Bxa4 35. Rxa4 Kf8 36. Kf2 Ke7 37. Kf3 Rb8 38. h4 Rb2 39. Bf1 Rf6+ 40. Ke3
Rxf1 41. Rxa6 Re1+ 42. Kf3 Rb3+ 43. Kf4 Rf1+ 44. Ke5 Rb7 45. g4 f6+ 46. Kd5
Rd7+ 47. Kc4 Rc1+ 48. Kd3 Rd1+ 0-1

[Event "SR 3. liga A2 2016/2017"]
[Site "?"]
[Date "2016.11.13"]
[Round "3.6"]
[White "Matis, Tibor ml"]
[Black "Fidericky, Milan"]
[Result "1/2-1/2"]
[WhiteElo "1743"]
[BlackElo "1749"]
[PlyCount "93"]
[EventDate "2016.??.??"]

1. e4 e5 2. Nf3 Nf6 3. Nxe5 d6 4. Nf3 Nxe4 5. d4 d5 6. Bd3 Be7 7. O-O O-O 8.
Re1 Nf6 9. Bg5 h6 10. Bh4 Be6 11. Nc3 Nc6 12. Ne2 Re8 13. c3 Bd6 14. Qc1 Bg4
15. Nd2 g5 16. Bg3 Nh5 17. f3 Nxg3 18. Nxg3 Bxg3 19. hxg3 Be6 20. Nf1 Qd7 21.
Qc2 Ne7 22. g4 Qd6 23. Re2 Kg7 24. Ne3 Ng6 25. Bxg6 fxg6 26. Rd1 Bf7 27. Qd3 c6
28. Rde1 Re6 29. Nc2 Rae8 30. Re3 Rxe3 31. Rxe3 Re6 32. Qe2 Kf6 33. Kf2 Qe7 34.
Ne1 h5 35. Nd3 Rxe3 36. Qxe3 Qxe3+ 37. Kxe3 Be6 38. Ne5 c5 39. Kd3 Bc8 40. a3
b6 41. b4 Ba6+ 42. Ke3 cxb4 43. cxb4 Bc8 44. b5 a6 45. a4 axb5 46. axb5 Be6 47.
Kd3 1/2-1/2

[Event "SR 3. liga A2 2016/2017"]
[Site "?"]
[Date "2016.11.13"]
[Round "3.6"]
[White "Bendzela, Tibor"]
[Black "Mezes, Kristof"]
[Result "1-0"]
[WhiteElo "1657"]
[BlackElo "1435"]
[PlyCount "59"]
[EventDate "2016.??.??"]

1. e4 e6 2. d4 d5 3. Nc3 Nf6 4. e5 Nfd7 5. a3 c5 6. Be3 Nc6 7. Nf3 Be7 8. Bb5
Qb6 9. Bxc6 bxc6 10. Na4 Qa5+ 11. c3 Ba6 12. b4 cxb4 13. axb4 Qb5 14. Nb2 O-O
15. Ra5 Qb6 16. Qa4 Bb5 17. Qa3 a6 18. Na4 Qa7 19. h4 f6 20. h5 Rfc8 21. Rh3
Bxa4 22. Qxa4 Nb6 23. Qc2 Nc4 24. Ra1 Rf8 25. Rg3 Qc7 26. Bh6 Rf7 27. Bf4 a5
28. Qc1 Rff8 29. exf6 Bd6 30. Rxg7+ 1-0

[Event "SR 3. liga A2 2016/2017"]
[Site "?"]
[Date "2016.11.27"]
[Round "4.1"]
[White "Spacek, Oliver"]
[Black "Sebesta, Radovan"]
[Result "1-0"]
[WhiteElo "2081"]
[BlackElo "2014"]
[PlyCount "65"]
[EventDate "2016.??.??"]

1. d4 Nf6 2. c4 e6 3. g3 d5 4. Bg2 Be7 5. Nf3 O-O 6. Qc2 c6 7. Nbd2 Nbd7 8. O-O
Re8 9. Rd1 Bd6 10. e4 dxe4 11. Nxe4 Nxe4 12. Qxe4 Nf6 13. Qc2 Qc7 14. a3 Bd7
15. Rb1 Rad8 16. b4 h6 17. a4 a6 18. a5 Ng4 19. c5 Be7 20. Bf4 Qc8 21. Be5 Nf6
22. Nd2 Nd5 23. Nc4 Qa8 24. g4 f6 25. Bd6 Bf8 26. h3 Bxd6 27. Nxd6 Re7 28. Re1
Qb8 29. Rb3 Be8 30. Bxd5 cxd5 31. Nf5 exf5 32. Rxe7 Ba4 33. Qxf5 1-0